Statistics for World Capitals by Countries - Click Quiz

Click here to take the quiz!

General Stats

  • This quiz has been taken 79 times
    (63 since last reset)
  • The average score is 47 of 55

Answer Stats

HintAnswer% Correct
BrasiliaBrazil
100%
BeijingChina
100%
CairoEgypt
100%
BerlinGermany
100%
New DelhiIndia
100%
Mexico CityMexico
100%
MoscowRussia
100%
CanberraAustralia
98%
OttawaCanada
98%
ParisFrance
98%
TokyoJapan
98%
AmsterdamNetherlands
98%
MadridSpain
98%
LondonUnited Kingdom
98%
Washington D.C.United States
98%
RomeItaly
95%
SeoulSouth Korea
95%
AlgiersAlgeria
93%
Buenos AiresArgentina
93%
KyivUkraine
93%
TehranIran
90%
BaghdadIraq
90%
WarsawPoland
90%
LisbonPortugal
90%
WellingtonNew Zealand
88%
BangkokThailand
88%
HanoiVietnam
88%
ViennaAustria
86%
BogotaColombia
86%
HavanaCuba
86%
JakartaIndonesia
86%
PyongyangNorth Korea
83%
LimaPeru
83%
ManilaPhilippines
83%
RiyadhSaudi Arabia
83%
AnkaraTurkey
83%
Kuala LumpurMalaysia
81%
RabatMorocco
81%
MinskBelarus
79%
SantiagoChile
79%
PretoriaSouth Africa
79%
Addis AbabaEthiopia
76%
TripoliLibya
76%
CaracasVenezuela
74%
KinshasaDemocratic Republic of the Congo
71%
ManaguaNicaragua
71%
DhakaBangladesh
67%
KhartoumSudan
67%
AstanaKazakhstan
64%
BamakoMali
64%
MuscatOman
64%
Sana'aYemen
64%
AbujaNigeria
62%
NaypyidawMyanmar
57%
JubaSouth Sudan
57%

Score Distribution

Percentile by Number Answered

Percent of People with Each Score

Your Score History

You have not taken this quiz since the last reset